Téka. A lepergett és kikelt borsó faldöntésre készül. [Mérai Tibor: Falra borsó. Budapest, Argumentum Kiadó-Bethlen Gábor Könyvkiadó, 1997.
Elmentve itt :
| Szerző: | |
|---|---|
| Adatforrás: | Meister |
| Forrásdokumentuma: | Korunk. - 7 sz., 1998, 116-118 p. |
| Nyelv: | magyar |
| Kulcsszavak: | politikai publicisztika-recenzió MÉRAY Tibor |
| LEADER | 00506nab a2200133 i 4500 | ||
|---|---|---|---|
| 001 | bibPRO00009039 | ||
| 008 | 060524s1998 xx hun | ||
| 040 | |a Sz1 | ||
| 041 | |a hun | ||
| 100 | 1 | |a TIBORI SZABÓ Zoltán | |
| 245 | 1 | 0 | |a Téka. A lepergett és kikelt borsó faldöntésre készül. [Mérai Tibor: Falra borsó. Budapest, Argumentum Kiadó-Bethlen Gábor Könyvkiadó, 1997. |c TIBORI SZABÓ Zoltán |
| 695 | |a politikai publicisztika-recenzió | ||
| 695 | |a MÉRAY Tibor | ||
| 773 | 0 | |t Korunk. - |g 7 sz., 1998, 116-118 p. | |